Aviation - Statistics

General Stats
  • This quiz has been taken 1,009 times
  • The average score is 5 of 7
Answer Stats
Hint Answer % Correct
How many decks are there on a Airbus a320 1
90%
How many airports are there in London that serve international flights ? 5
85%
What is Australia's national airline QANTAS
82%
What is Britans busiest airport ? London Heathrow
71%
What airline did Richard Branson create Virgin
62%
What plane disappeared from radar at the start of last year Mh370
51%
What is the largest plane created ? Airbus a380
32%
No matching quizzes found
Score Distribution
Percent of People with Each Score
Percentile by Number Answered
Your Score History
You have not taken this quiz